000 00945nam a2200289 i 4500
003 EG-GICUC
005 20260511145439.0
008 260511s1987 fr ||||fr|||| 00| 0 fre d
020 _a2222040000
040 _aEG-GiCUC
_bfre
_cEG-GiCUC
_dEG-GiCUC
_eRda
082 0 4 _221
_a345.318
_bAN
092 0 4 _221
099 _aLaw1 07 345.318 AN 1987
245 0 0 _aAnnuaire Européen D'administration Publique.
_b
_c
_n
264 1 _aParis :
_bÉditions Du Centre National De La Recherche Scientifique,
_c1987.
300 _a727page :
_billustration ;
_c 24 cm.
336 _2rda contenu
_a texte
337 _2rda medias
_aOrdinateur
338 _2 transporteur rda
_a Ressource en ligne
504 _aBibliography: pages 200-250. 240-220
546 _aTexte en français
650 1 4 _aDroit administratif
_2
651 1 _2
856 4 0 _uhttps://fll.law.cu.edu.eg/fulltext/bks/B07-05704.pdf
905 _a50
942 _2ddc
_cBK
_e21
_n0
999 _c76585
_d76585